Экспериментальное исследование электромеханических процессов в синхронных машинах. Методы Измерения и осциллографирования токов, мощностей, вибраций и деформаций

Detaylı Bibliyografya
Yazar: Элькинд Ю. М. Юлий Маркович
Dil:Rusça
Baskı/Yayın Bilgisi: Москва, Госэнергоиздат, 1961
Konular:
Materyal Türü: MixedMaterials Kitap
KOHA link:https://koha.lib.tpu.ru/cgi-bin/koha/opac-detail.pl?biblionumber=298986

MARC

LEADER 00000nam0a2200000 4500
001 298986
005 20231102001147.0
035 |a (RuTPU)RU\TPU\book\324137 
090 |a 298986 
100 |a 20150624d1961 k y0rusy50 ca 
101 0 |a rus 
102 |a RU 
105 |a a z 001zy 
200 1 |a Экспериментальное исследование электромеханических процессов в синхронных машинах. Методы Измерения и осциллографирования токов, мощностей, вибраций и деформаций  |f Ю. М. Элькинд 
210 |a Москва  |a Ленинград  |c Госэнергоиздат  |d 1961 
215 |a 231 с.  |c ил. 
320 |a Библиогр.: с. 225-231. 
606 1 |a Электрические машины, синхронные  |x Испытание  |2 stltpush  |3 (RuTPU)RU\TPU\subj\27224  |9 51015 
610 1 |a электромеханические процессы 
610 1 |a измерение 
610 1 |a мощность 
610 1 |a вибрации 
610 1 |a деформации 
610 1 |a экспериментальные исследования 
675 |a 621.313.32  |v 3 
700 1 |a Элькинд  |b Ю. М.  |g Юлий Маркович 
801 1 |a RU  |b 63413507  |c 20150624 
801 2 |a RU  |b 63413507  |c 20151013  |g RCR 
942 |c BK